| 000 | 01748nam0a2200313 4500 | ||
|---|---|---|---|
| 001 | RU\NLR\bibl\1770365 | ||
| 005 | 20250616131424.0 | ||
| 010 |
_a978-5-8397-0778-8 _950 |
||
| 021 |
_aRU _b2011-31088 _92209 |
||
| 035 | _a(NLR Aleph) 001761148 | ||
| 090 |
_a1579119 _c1579119 |
||
| 100 | _a20110518d2010 |||y0rusy50 ca | ||
| 101 | 0 | _arus | |
| 102 | _aRU | ||
| 105 | _ay ||||||||| | ||
| 200 | 1 |
_aМагистерская диссертация: технология подготовки и защиты _eучебно-методическое пособие _eдля магистров, обучающихся по программам подготовки магистратуры Социальная работа _fИ.Ф. Албегова, Г.Л. Шаматонова _gМ-во образования и науки Рос. Федерации, Ярослав. гос. ун-т им. П.Г. Демидова |
|
| 210 |
_aЯрославль _cЯрославский государственный университет _d2010 |
||
| 215 |
_a115 с. _d21 |
||
| 320 | _aБиблиогр.: с. 97-102 | ||
| 606 | 1 |
_aВысшие учебные заведения _jУчебно-методические пособия для высших учебных заведений _xСоциологические факультеты _xМагистерские диссертации _92620713 _3RU\NLR\auth\661557273 |
|
| 686 | _aЧ489.126.8я73 | ||
| 686 | _aЧ489.125.45я73 | ||
| 700 | 1 |
_aАлбегова _bИ. Ф. _gИрина Федоровна _4070 |
|
| 701 | 1 |
_aШаматонова _bГ. Л. _gГалина Леонидовна _4070 |
|
| 801 | 0 |
_aRU _bNLR _c20110518 _gRCR |
|
| 801 | 1 |
_aRU _bNLR _c20110518 |
|
| 942 | _cDISS | ||
| 980 | _aNB | ||